000 00394pab a2200157 454500
008 180718b2010 xxu||||| |||| 00| 0 eng d
100 _aVigdor, Jacob L.
245 _aIs urban decay bad? Is urban revitalization bad too?
260 _c2010
300 _ap.277-289.
362 _aNov
650 _aUrban development
773 _aJournal of Urban Economics
908 _aN
909 _a90585
999 _c90585
_d90585